[Event "Vojvodina op 9th"]
[Site "Novi Sad"]
[Date "2018.07.26"]
[Round "8"]
[White "Ujhazi, Ivan"]
[Black "Rogac, Srdjan"]
[Result "0-1"]
[WhiteElo "2132"]
[BlackElo "2317"]
[PlyCount "92"]
[EventDate "2018.07.22"]
[EventType "swiss"]
[EventRounds "9"]
[EventCountry "YUG"]
[SourceTitle "CBM 185 Extra"]
[Source "ChessBase"]
[SourceDate "2018.07.29"]
[SourceVersion "1"]
[SourceVersionDate "2018.07.29"]
[SourceQuality "1"]

1. e4 c6 2. d4 d5 3. exd5 cxd5 4. c4 Nf6 5. Nc3 g6 6. cxd5 Nxd5 7. Bc4 Nb6 8. Bb3 Bg7 9. Nf3 0-0 10. h3 Nc6 11. d5 Na5 12. 0-0 Bf5 13. Re1 Nxb3 14. Qxb3 Rc8 15. Bg5 Re8 16. Rad1 h6 17. Be3 Nc4 18. Bd4 Bxd4 19. Nxd4 Qb6 20. Qxb6 axb6 21. Nxf5 gxf5 22. d6 Nxd6 23. Nd5 Kf8 24. Nxb6 Rc6 25. Nd7+ Kg7 26. b4 f6 27. a4 Kf7 28. b5 Rc2 29. Rc1 Rec8 30. Rxc2 Rxc2 31. Nb6 e5 32. Rb1 Ra2 33. Rc1 Ke6 34. f3 f4 35. Rc7 Nf5 36. Rc1 Ng3 37. Rb1 f5 38. Re1 e4 39. fxe4 fxe4 40. Nc4 Rxa4 41. Nd2 Kf5 42. Rb1 Ra2 43. Nc4 f3 44. gxf3 exf3 45. Ne3+ Ke4 46. Nf1 Rg2# 0-1

[Event "Vojvodina op 9th"]
[Site "Novi Sad"]
[Date "2018.07.25"]
[Round "7"]
[White "Jocev, Milan"]
[Black "Ujhazi, Ivan"]
[Result "1-0"]
[WhiteElo "2256"]
[BlackElo "2132"]
[PlyCount "59"]
[EventDate "2018.07.22"]
[EventType "swiss"]
[EventRounds "9"]
[EventCountry "YUG"]
[SourceTitle "CBM 185 Extra"]
[Source "ChessBase"]
[SourceDate "2018.07.29"]
[SourceVersion "1"]
[SourceVersionDate "2018.07.29"]
[SourceQuality "1"]

1. d4 d5 2. Nf3 e6 3. c4 c6 4. Qc2 f5 5. Bf4 Nf6 6. e3 Be7 7. Nc3 0-0 8. Bd3 Ne4 9. g4 Na6 10. a3 Qa5 11. Ke2 Nxc3+ 12. bxc3 Bd7 13. Ne5 Be8 14. gxf5 Bh5+ 15. f3 dxc4 16. Bxc4 Nc7 17. Rab1 Nd5 18. Bxd5 exd5 19. Kf2 Qa6 20. Rhg1 b5 21. Bh6 Bh4+ 22. Ke2 b4+ 23. c4 b3 24. Rxb3 dxc4 25. Rxg7+ Kh8 26. Rbb7 c3+ 27. Qd3 Qxd3+ 28. Kxd3 Rf6 29. Rxh7+ Kg8 30. Rbg7+ 1-0

[Event "EU-chT Seniors 65"]
[Site "Novi Sad"]
[Date "2017.06.27"]
[Round "3.3"]
[White "Ujhazi, Ivan"]
[Black "Taksrud, Vidar"]
[Result "1-0"]
[WhiteElo "2155"]
[BlackElo "1979"]
[PlyCount "91"]
[EventDate "2017.06.25"]
[EventType "team-tourn"]
[EventRounds "9"]
[EventCountry "SRB"]
[SourceTitle "CBM 179 Extra"]
[Source "ChessBase"]
[SourceDate "2017.08.23"]
[SourceVersion "1"]
[SourceVersionDate "2017.08.23"]
[SourceQuality "1"]
[WhiteTeam "Serbia Gerontologic Centar 65"]
[BlackTeam "Norway 65"]
[WhiteTeamCountry "SRB"]
[BlackTeamCountry "NOR"]

1. e4 Nf6 2. Nc3 d5 3. e5 d4 4. exf6 dxc3 5. fxg7 cxd2+ 6. Bxd2 Bxg7 7. Qh5 Qd4 8. Nf3 Qe4+ 9. Be2 Bg4 10. Qxf7+ Kxf7 11. Ng5+ Kg6 12. Nxe4 Bxe2 13. Kxe2 Nc6 14. c3 Rad8 15. Rhd1 Rd5 16. Be3 Rhd8 17. f3 b6 18. Rxd5 Rxd5 19. Rd1 e6 20. Bf4 Rxd1 21. Kxd1 Be5 22. Bxe5 Nxe5 23. Ke2 Kf5 24. b3 Ng6 25. Ke3 h6 26. g3 a6 27. h4 Ke5 28. Nf2 h5 29. Nd3+ Kf5 30. Nb4 a5 31. Nc6 e5 32. a4 Ke6 33. Ke4 Kf6 34. b4 axb4 35. cxb4 Ke6 36. a5 bxa5 37. bxa5 Kd6 38. Nb4 Ne7 39. a6 Nc8 40. Nd3 Na7 41. Nxe5 c5 42. g4 Ke6 43. g5 Nb5 44. f4 Nd6+ 45. Kd3 Nc8 46. g6 1-0

[Event "Novi Sad Serbian op"]
[Site "Novi Sad"]
[Date "2016.11.07"]
[Round "2"]
[White "Farkas, Sandor I"]
[Black "Ujhazi, Ivan"]
[Result "0-1"]
[WhiteElo "1936"]
[BlackElo "2189"]
[PlyCount "100"]
[EventDate "2016.11.06"]
[EventType "swiss"]
[EventRounds "9"]
[EventCountry "SRB"]
[SourceTitle "CBM 175 Extra"]
[Source "ChessBase"]
[SourceDate "2016.12.12"]
[SourceVersion "1"]
[SourceVersionDate "2016.12.12"]
[SourceQuality "1"]

1. e4 c5 2. Nf3 Nc6 3. d4 cxd4 4. Nxd4 g6 5. c4 Bg7 6. Be3 Nf6 7. Nc3 0-0 8. Be2 d6 9. 0-0 Bd7 10. f3 Qa5 11. a3 Rfc8 12. b4 Qd8 13. Nxc6 bxc6 14. Rc1 Be6 15. f4 a5 16. b5 cxb5 17. cxb5 a4 18. b6 Bb3 19. Qe1 Rcb8 20. Qf2 Nd7 21. Nb5 Nxb6 22. Nc7 Nd7 23. Nxa8 Rxa8 24. Bd4 e5 25. fxe5 Nxe5 26. Bc4 Qe7 27. Bxb3 axb3 28. Qd2 h5 29. Bb2 Qe6 30. Qe2 Ra4 31. Rc7 d5 32. Qb5 Rxe4 33. Qxb3 d4 34. Qxe6 fxe6 35. Rc8+ Kh7 36. Rd8 Nc4 37. Bc1 Ne3 38. Bxe3 Rxe3 39. Rf7 Kh6 40. Rdd7 Be5 41. h4 g5 42. hxg5+ Kxg5 43. Rf3 Re2 44. Ra7 h4 45. Ra5 Kg4 46. Kf1 Re4 47. Rb5 Bg3 48. Rb1 h3 49. Rf8 h2 50. Rh8 Bh4 0-1

[Event "Vojvodina-ch 7th"]
[Site "Novi Sad"]
[Date "2016.07.18"]
[Round "6"]
[White "Drazic, Sinisa"]
[Black "Ujhazi, Ivan"]
[Result "1-0"]
[WhiteElo "2402"]
[BlackElo "2212"]
[PlyCount "103"]
[EventDate "2016.07.15"]
[EventType "swiss"]
[EventRounds "9"]
[EventCountry "YUG"]
[SourceTitle "CBM 173 Extra"]
[Source "ChessBase"]
[SourceDate "2016.08.29"]
[SourceVersion "1"]
[SourceVersionDate "2016.08.29"]
[SourceQuality "1"]

1. b3 e5 2. Bb2 Nc6 3. e3 Nf6 4. Bb5 d6 5. d4 Bd7 6. Nf3 e4 7. Nfd2 a6 8. Be2 d5 9. c4 Bb4 10. 0-0 Ne7 11. a3 Bxd2 12. Qxd2 c6 13. a4 0-0 14. Nc3 Re8 15. Ba3 Be6 16. f3 exf3 17. gxf3 Bh3 18. Rfe1 Nf5 19. Bd3 Nh4 20. Qf2 Nh5 21. f4 Bf5 22. Be2 g6 23. a5 Ng7 24. cxd5 cxd5 25. Bc5 Be4 26. b4 Nhf5 27. Rac1 Rc8 28. Bg4 Rc6 29. Nxe4 Rxe4 30. Bf3 Re8 31. e4 dxe4 32. Rxe4 Rce6 33. Re5 Rxe5 34. dxe5 Ne6 35. Bxb7 Nxc5 36. bxc5 Qxa5 37. c6 Qc7 38. Bxa6 Rd8 39. Bf1 Kg7 40. Bg2 Rb8 41. Be4 Ne7 42. Kh1 Rb4 43. Qe3 g5 44. Rg1 h6 45. h4 Ng6 46. hxg5 hxg5 47. Rxg5 Qa5 48. Rg2 Qa4 49. Bxg6 fxg6 50. c7 Rxf4 51. c8Q Rf1+ 52. Kh2 1-0

[Event "Vojvodina-ch 7th"]
[Site "Novi Sad"]
[Date "2016.07.17"]
[Round "5"]
[White "Jevtic, Miroljub L"]
[Black "Ujhazi, Ivan"]
[Result "0-1"]
[WhiteElo "2063"]
[BlackElo "2212"]
[PlyCount "78"]
[EventDate "2016.07.15"]
[EventType "swiss"]
[EventRounds "9"]
[EventCountry "YUG"]
[SourceTitle "CBM 173 Extra"]
[Source "ChessBase"]
[SourceDate "2016.08.29"]
[SourceVersion "1"]
[SourceVersionDate "2016.08.29"]
[SourceQuality "1"]

1. d4 d5 2. Nf3 e6 3. Bf4 Bd6 4. Bg3 Nf6 5. Nbd2 0-0 6. e3 c5 7. c3 Nc6 8. Bd3 Re8 9. Ne5 Bxe5 10. dxe5 Nd7 11. Nf3 Nf8 12. h4 c4 13. Bc2 b5 14. a3 h6 15. Bf4 a5 16. Rh3 f5 17. h5 Rb8 18. Nd4 Nxd4 19. exd4 b4 20. axb4 axb4 21. Qd2 bxc3 22. bxc3 Re7 23. g4 fxg4 24. Rg3 Qe8 25. Rxg4 Qxh5 26. Rg1 Kh8 27. Bd1 Qf7 28. Bxh6 gxh6 29. Qxh6+ Nh7 30. Bh5 Qf8 31. Qe3 Bd7 32. Bg6 Rg7 33. Rg3 Be8 34. Bc2 Rxg3 35. Qxg3 Qg8 36. Ra7 Bf7 37. Qh4 Bg6 38. Rxh7+ Bxh7 39. Qh3 Rb2 0-1

[Event "Vojvodina-ch 6th"]
[Site "Novi Sad"]
[Date "2015.07.26"]
[Round "3"]
[White "Ujhazi, Ivan"]
[Black "Brinovec, David"]
[Result "0-1"]
[WhiteElo "2231"]
[BlackElo "1991"]
[PlyCount "88"]
[EventDate "2015.07.25"]
[EventType "swiss"]
[EventRounds "9"]
[EventCountry "YUG"]
[SourceTitle "CBM 167 Extra"]
[Source "ChessBase"]
[SourceDate "2015.09.14"]
[SourceVersion "1"]
[SourceVersionDate "2015.09.14"]
[SourceQuality "1"]

1. e4 e5 2. Nc3 Nf6 3. Bc4 Bc5 4. d3 h6 5. Nf3 d6 6. Na4 Bb6 7. Nxb6 axb6 8. 0-0 0-0 9. c3 Re8 10. Re1 c5 11. Qb3 Qc7 12. Nd2 Nc6 13. Nf1 Na5 14. Qc2 Nxc4 15. dxc4 Qc6 16. a4 Be6 17. b3 Kh8 18. Ng3 Qd7 19. Bd2 Ng8 20. Rad1 Ne7 21. Qc1 Kh7 22. Be3 Rad8 23. f4 f6 24. Rd3 Qc6 25. Red1 Rd7 26. Qd2 Red8 27. Qf2 f5 28. exf5 Nxf5 29. Nxf5 Bxf5 30. Rd5 Be4 31. f5 Bxd5 32. cxd5 Qc8 33. Qh4 Rf8 34. Qe4 Rdf7 35. Rf1 Kg8 36. g4 Rf6 37. Rf2 g6 38. fxg6 Rxf2 39. Bxf2 Qd8 40. Be3 Qf6 41. Kg2 Qf1+ 42. Kg3 Qe1+ 43. Kg2 Qe2+ 44. Kg3 Rf4 0-1

[Event "Vojvodina-ch 5th"]
[Site "Novi Sad"]
[Date "2014.07.15"]
[Round "5"]
[White "Obodchuk, Andrei"]
[Black "Ujhazi, Ivan"]
[Result "1-0"]
[WhiteElo "2374"]
[BlackElo "2241"]
[PlyCount "59"]
[EventDate "2014.07.12"]
[EventType "swiss"]
[EventRounds "9"]
[EventCountry "YUG"]
[SourceTitle "CBM 161 Extra"]
[Source "ChessBase"]
[SourceDate "2014.08.29"]
[SourceVersion "1"]
[SourceVersionDate "2014.08.29"]
[SourceQuality "1"]

1. d4 d5 2. c4 e6 3. Nf3 c6 4. Nc3 f5 5. Bf4 Nf6 6. e3 Bd6 7. Bxd6 Qxd6 8. Be2 0-0 9. 0-0 Nbd7 10. Qc2 Ne4 11. Rad1 Ndf6 12. Ne5 Bd7 13. f3 Nxc3 14. Qxc3 a5 15. c5 Qc7 16. Qc2 Be8 17. g4 Nd7 18. Nd3 fxg4 19. Nf4 Rf6 20. fxg4 e5 21. g5 Bg6 22. Bd3 Bxd3 23. Qxd3 Rxf4 24. exf4 e4 25. Qh3 Nf8 26. f5 b6 27. cxb6 Qxb6 28. f6 c5 29. fxg7 Ne6 30. Qh6 1-0

[Event "Maccabiah IM1"]
[Site "Jerusalem"]
[Date "2013.07.25"]
[Round "7"]
[White "Ujhazi, Ivan"]
[Black "Kobo, Ori"]
[Result "1/2-1/2"]
[WhiteElo "2221"]
[BlackElo "2307"]
[PlyCount "113"]
[EventDate "2013.07.21"]
[EventType "tourn"]
[EventRounds "9"]
[EventCountry "ISR"]
[EventCategory "3"]
[SourceTitle "CBM 155 Extra"]
[Source "ChessBase"]
[SourceDate "2013.08.26"]
[SourceVersion "1"]
[SourceVersionDate "2013.08.26"]
[SourceQuality "1"]

1. e4 e5 2. Nc3 Nf6 3. f4 d5 4. fxe5 Nxe4 5. Nf3 c5 6. Bb5+ Nc6 7. 0-0 Be7 8. Qe1 Nxc3 9. dxc3 Qb6 10. Be2 Be6 11. Rb1 0-0-0 12. Kh1 h6 13. b4 Qc7 14. Bb5 cxb4 15. cxb4 d4 16. a4 g5 17. Bxc6 Qxc6 18. b5 Qd5 19. Bb2 Bc5 20. c4 Qd7 21. Nd2 Bb4 22. Qf2 Kb8 23. Rbc1 Qc7 24. c5 Rd5 25. Nb3 d3 26. b6 Qd7 27. c6 bxc6 28. bxa7+ Ka8 29. Qb6 d2 30. Rcd1 c5 31. Na5 Bxa5 32. Qxa5 Rd8 33. h3 Bxh3 34. e6 Bxe6 35. Bf6 Rc8 36. Rf2 Qxa7 37. Qc3 c4 38. Rfxd2 Rxd2 39. Rxd2 Qa6 40. a5 Qc6 41. Be5 Bd5 42. Rb2 Qd7 43. Rb6 Bb7 44. a6 Be4 45. Kh2 Qg4 46. Qb2 Qxg2+ 47. Qxg2 Bxg2 48. Kxg2 c3 49. Rxh6 c2 50. Bb2 c1Q 51. Bxc1 Rxc1 52. Rf6 Rc7 53. Kg3 Ka7 54. Kg4 Rc5 55. Rxf7+ Kxa6 56. Rf5 Rxf5 57. Kxf5 1/2-1/2

[Event "Maccabiah IM1"]
[Site "Jerusalem"]
[Date "2013.07.24"]
[Round "5"]
[White "Ujhazi, Ivan"]
[Black "Alexikov, Alexander"]
[Result "1/2-1/2"]
[WhiteElo "2221"]
[BlackElo "2381"]
[PlyCount "60"]
[EventDate "2013.07.21"]
[EventType "tourn"]
[EventRounds "9"]
[EventCountry "ISR"]
[EventCategory "3"]
[SourceTitle "CBM 155 Extra"]
[Source "ChessBase"]
[SourceDate "2013.08.26"]
[SourceVersion "1"]
[SourceVersionDate "2013.08.26"]
[SourceQuality "1"]

1. e4 g6 2. d4 Bg7 3. Nc3 d6 4. g3 c6 5. Bg2 Nd7 6. a4 Ngf6 7. Nge2 0-0 8. 0-0 e5 9. h3 Rb8 10. Be3 b6 11. Qd2 Re8 12. Rad1 a6 13. dxe5 dxe5 14. Qd6 Bb7 15. Nc1 Bf8 16. Qd2 b5 17. axb5 axb5 18. f3 Qc7 19. Qf2 Ra8 20. b3 Qa5 21. N1e2 Qa3 22. f4 Bc5 23. Bxc5 Qxc5 24. Qxc5 Nxc5 25. fxe5 Nh5 26. b4 Na6 27. Rd7 Bc8 28. Rdxf7 Nxb4 29. g4 Ng7 30. Nd4 Ne6 1/2-1/2

[Event "Maccabiah IM1"]
[Site "Jerusalem"]
[Date "2013.07.21"]
[Round "1"]
[White "Ujhazi, Ivan"]
[Black "Flom, Gabriel"]
[Result "0-1"]
[WhiteElo "2221"]
[BlackElo "2451"]
[PlyCount "76"]
[EventDate "2013.07.21"]
[EventType "tourn"]
[EventRounds "9"]
[EventCountry "ISR"]
[EventCategory "3"]
[SourceTitle "CBM 155 Extra"]
[Source "ChessBase"]
[SourceDate "2013.08.26"]
[SourceVersion "1"]
[SourceVersionDate "2013.08.26"]
[SourceQuality "1"]

1. e4 e6 2. Qe2 c5 3. Nf3 b6 4. g3 Bb7 5. Bg2 d6 6. 0-0 Nf6 7. d3 Be7 8. Nbd2 0-0 9. Re1 Nc6 10. c3 Rc8 11. a4 Re8 12. b3 d5 13. Bb2 Bf8 14. Rad1 Na5 15. c4 d4 16. b4 cxb4 17. Nxd4 Nd7 18. N4b3 Nc5 19. Nxc5 bxc5 20. e5 Bxg2 21. Kxg2 Qd7 22. Ne4 Nb3 23. Qg4 Kh8 24. Qh5 Kg8 25. Qg4 Qc6 26. Kg1 Red8 27. f4 Nd4 28. Bxd4 Rxd4 29. Qh5 Be7 30. g4 Rcd8 31. g5 Rxd3 32. Nd6 g6 33. Qe2 Rxd1 34. Rxd1 Bxd6 35. exd6 Rxd6 36. Ra1 Rd4 37. Qe5 Qd6 38. Qxd6 Rxd6 0-1

[Event "Vojvodina-ch 3rd"]
[Site "Novi Sad"]
[Date "2012.07.02"]
[Round "6"]
[White "Ujhazi, Ivan"]
[Black "Bodiroga, Predrag"]
[Result "1/2-1/2"]
[WhiteElo "2212"]
[BlackElo "2395"]
[PlyCount "167"]
[EventDate "2012.06.29"]
[EventType "swiss"]
[EventRounds "9"]
[EventCountry "SRB"]
[SourceTitle "CBM 149 Extra"]
[Source "ChessBase"]
[SourceDate "2012.08.24"]
[SourceVersion "1"]
[SourceVersionDate "2012.08.24"]
[SourceQuality "1"]

1. e4 d6 2. d4 Nf6 3. Nc3 e5 4. dxe5 dxe5 5. Qxd8+ Kxd8 6. Bc4 Ke8 7. Nf3 Bd6 8. h3 h6 9. Be3 a6 10. a4 Nc6 11. 0-0-0 Ke7 12. Rhe1 Nb4 13. Nd5+ Nbxd5 14. exd5 Kd8 15. Kb1 Nd7 16. Bd2 f6 17. Bc3 Nb6 18. Bb3 a5 19. Nd2 Bd7 20. Re4 Bf5 21. Ree1 Bb4 22. Nc4 Bxc3 23. bxc3 Nxc4 24. Bxc4 Bd7 25. Bb5 Bxb5 26. axb5 Ke7 27. Kb2 Kd6 28. c4 Rhe8 29. Re3 b6 30. h4 h5 31. Rg3 Re7 32. Rg6 Rd8 33. Kc3 Kc5 34. Re1 Rd6 35. f3 Rd8 36. Re4 Rh8 37. f4 Rh6 38. Rg3 Kd6 39. fxe5+ fxe5 40. Rg5 Rf6 41. Rxh5 Rf4 42. Rxf4 exf4 43. Kd4 a4 44. Rh8 Re3 45. Rd8+ Ke7 46. Ra8 a3 47. c3 Re2 48. Rxa3 Rxg2 49. c5 Rd2+ 50. Ke4 bxc5 51. Ra7 Kd8 52. Ra8+ Ke7 53. Rc8 Kd6 54. Rd8+ Ke7 55. Rc8 Kd6 56. Rd8+ Ke7 57. Rg8 Kf6 58. Rf8+ Ke7 59. Rxf4 Rb2 60. c4 g6 61. Ke5 Re2+ 62. Re4 Rf2 63. Re3 Rf1 64. Rg3 Re1+ 65. Kf4 Kf7 66. Re3 Rf1+ 67. Ke5 Rg1 68. Kf4 Rf1+ 69. Rf3 Re1 70. Kg5+ Kg7 71. Rf4 Rg1+ 72. Rg4 Rf1 73. Re4 Rg1+ 74. Kf4 Kf7 75. Re6 Rf1+ 76. Kg4 Rg1+ 77. Kh3 Rc1 78. Rc6 Rxc4 79. Rxc7+ Kf6 80. b6 Ke5 81. b7 Rb4 82. Rxc5 Rxb7 83. Kg4 Rb1 84. Ra5 1/2-1/2

[Event "Vojvodina-ch 3rd"]
[Site "Novi Sad"]
[Date "2012.06.30"]
[Round "3"]
[White "Ujhazi, Ivan"]
[Black "Tosic, Miroslav"]
[Result "0-1"]
[WhiteElo "2212"]
[BlackElo "2415"]
[PlyCount "104"]
[EventDate "2012.06.29"]
[EventType "swiss"]
[EventRounds "9"]
[EventCountry "SRB"]
[SourceTitle "CBM 149 Extra"]
[Source "ChessBase"]
[SourceDate "2012.08.24"]
[SourceVersion "1"]
[SourceVersionDate "2012.08.24"]
[SourceQuality "1"]

1. e4 c5 2. Nf3 e6 3. c3 Nf6 4. e5 Nd5 5. d4 cxd4 6. cxd4 d6 7. Nc3 Nxc3 8. bxc3 Qc7 9. Bd2 Nc6 10. exd6 Bxd6 11. Bd3 Ne7 12. 0-0 Ng6 13. g3 0-0 14. Ng5 h6 15. Ne4 Be7 16. f4 Rd8 17. Nf2 Nf8 18. Be4 Bd7 19. Nd3 f5 20. Bf3 Bb5 21. Be2 Bd6 22. Ne5 Bxe2 23. Qxe2 Bxe5 24. fxe5 Ng6 25. Rac1 Rac8 26. g4 fxg4 27. Qxg4 Nxe5 28. Qxe6+ Nf7 29. Rce1 Rd6 30. Qe4 Qd7 31. Rf2 Nh8 32. Bf4 Rf6 33. Bg3 Rxf2 34. Bxf2 Nf7 35. Qe6 Qxe6 36. Rxe6 Rxc3 37. Re7 Nd6 38. Bg3 Nf5 39. Rxb7 Nxg3 40. hxg3 Rxg3+ 41. Kf1 Rd3 42. Rxa7 Rxd4 43. Rb7 Rd2 44. a4 Ra2 45. Rb4 Kh7 46. Kg1 g5 47. Kh1 Kg6 48. Kg1 h5 49. Rb6+ Kf5 50. Rb5+ Kf4 51. Rb4+ Kg3 52. Rb3+ Kh4 0-1

[Event "Vojvodina-ch 1st"]
[Site "Novi Sad"]
[Date "2010.08.01"]
[Round "9"]
[White "Ujhazi, Ivan"]
[Black "Tomilova, Elena"]
[Result "0-1"]
[WhiteElo "2250"]
[BlackElo "2311"]
[PlyCount "98"]
[EventDate "2010.07.25"]
[EventType "swiss"]
[EventRounds "9"]
[EventCountry "YUG"]
[SourceTitle "CBM 137 Extra"]
[Source "ChessBase"]
[SourceDate "2010.09.01"]
[SourceVersion "1"]
[SourceVersionDate "2010.09.01"]
[SourceQuality "1"]

1. e4 d5 2. exd5 Qxd5 3. Nc3 Qa5 4. Bc4 Nf6 5. Nge2 Bf5 6. 0-0 e6 7. d3 c6 8. Bd2 Qc7 9. Bf4 Bd6 10. Bxd6 Qxd6 11. Ng3 Bg6 12. Nge4 Qe7 13. Re1 Nbd7 14. Qd2 Nc5 15. Qe3 Ncxe4 16. dxe4 0-0 17. Rad1 b5 18. Bd3 Rfd8 19. e5 Nd5 20. Nxd5 Rxd5 21. Bxg6 hxg6 22. Rxd5 cxd5 23. c3 b4 24. Rc1 bxc3 25. Qxc3 Rb8 26. g3 Qg5 27. b3 a5 28. Qc7 Ra8 29. f4 Qg4 30. Qb7 Rf8 31. Qb6 Qe2 32. Qf2 Qe4 33. Qc2 Qe3+ 34. Kf1 g5 35. Qc3 Qe4 36. fxg5 Qh1+ 37. Kf2 Qxh2+ 38. Kf1 Qh1+ 39. Kf2 Qe4 40. Qe3 Qb4 41. Rc7 a4 42. Kg2 axb3 43. axb3 d4 44. Qd3 Qa5 45. Rd7 Qxe5 46. g6 fxg6 47. Qxd4 Qe2+ 48. Kh3 Qf1+ 49. Kh4 Qh1+ 0-1

[Event "Vojvodina-ch 1st"]
[Site "Novi Sad"]
[Date "2010.07.30"]
[Round "7"]
[White "Ujhazi, Ivan"]
[Black "Marjanovic, Dejan"]
[Result "0-1"]
[WhiteElo "2250"]
[BlackElo "2061"]
[PlyCount "74"]
[EventDate "2010.07.25"]
[EventType "swiss"]
[EventRounds "9"]
[EventCountry "YUG"]
[SourceTitle "CBM 137 Extra"]
[Source "ChessBase"]
[SourceDate "2010.09.01"]
[SourceVersion "1"]
[SourceVersionDate "2010.09.01"]
[SourceQuality "1"]

1. e4 c5 2. Nf3 d6 3. Bb5+ Bd7 4. Bxd7+ Qxd7 5. 0-0 Nc6 6. c3 Nf6 7. Re1 e6 8. d4 cxd4 9. cxd4 d5 10. e5 Ne4 11. Nbd2 Nxd2 12. Bxd2 Be7 13. Rc1 0-0 14. Rc3 Rac8 15. h4 h6 16. Rd3 Qd8 17. h5 Qb6 18. Rb3 Qa6 19. g4 Qxa2 20. Rxb7 Rb8 21. Rc7 Rfc8 22. Rxc8+ Rxc8 23. Qa1 Qb3 24. Qa6 Rb8 25. Bc3 Rb6 26. Qc8+ Bf8 27. Kg2 Nb4 28. Bxb4 Rxb4 29. Ra1 Qd3 30. Qc3 Qe2 31. b3 a6 32. Ra4 Rb6 33. Kg3 Qd1 34. Qa1 Qd3 35. Kg2 Rxb3 36. Nh2 Qe4+ 37. f3 Qc2+ 0-1

[Event "Vojvodina-ch 1st"]
[Site "Novi Sad"]
[Date "2010.07.27"]
[Round "3"]
[White "Drazic, Sinisa"]
[Black "Ujhazi, Ivan"]
[Result "1-0"]
[WhiteElo "2535"]
[BlackElo "2250"]
[PlyCount "65"]
[EventDate "2010.07.25"]
[EventType "swiss"]
[EventRounds "9"]
[EventCountry "YUG"]
[SourceTitle "CBM 137 Extra"]
[Source "ChessBase"]
[SourceDate "2010.09.01"]
[SourceVersion "1"]
[SourceVersionDate "2010.09.01"]
[SourceQuality "1"]

1. d4 d5 2. Bg5 Nf6 3. Bxf6 exf6 4. e3 Bd6 5. Bd3 0-0 6. Qf3 c6 7. Nd2 Re8 8. Ne2 Nd7 9. h4 b5 10. g4 Nb6 11. 0-0-0 Nc4 12. Kb1 Bb4 13. Nb3 a5 14. c3 Bf8 15. g5 g6 16. gxf6 Re6 17. h5 Rxf6 18. Qg2 Bf5 19. Bxf5 Rxf5 20. Ng3 Rf6 21. e4 b4 22. cxb4 axb4 23. e5 Rf4 24. hxg6 fxg6 25. Nh5 Rf5 26. Rd3 Rg5 27. Ng3 Qc8 28. Nc1 h5 29. Qh2 Qa6 30. f4 Rg4 31. Nxh5 gxh5 32. Qxh5 Rg7 33. e6 1-0

[Event "Vojvodina Cup"]
[Site "Banja Junakovic"]
[Date "2009.05.01"]
[Round "3"]
[White "Manojlovic, Sava"]
[Black "Ujhazi, Ivan"]
[Result "0-1"]
[WhiteElo "2087"]
[BlackElo "2211"]
[PlyCount "76"]
[EventDate "2009.04.30"]
[EventType "team-tourn"]
[EventRounds "5"]
[EventCountry "YUG"]
[SourceTitle "EXT 2011"]
[Source "ChessBase"]
[SourceDate "2010.11.26"]
[SourceVersion "1"]
[SourceVersionDate "2010.11.26"]
[SourceQuality "1"]

1. Nf3 d5 2. g3 e6 3. Bg2 Nf6 4. 0-0 Be7 5. c4 dxc4 6. Qa4+ Bd7 7. Qxc4 Bc6 8. Nc3 a6 9. a4 b5 10. Qb3 b4 11. Nb1 Nbd7 12. Qc2 Bb7 13. d3 0-0 14. a5 c5 15. Nbd2 Qc7 16. Nc4 e5 17. e4 Bc6 18. Nh4 Bb5 19. Nf5 Rfe8 20. Be3 Bf8 21. Bg5 h6 22. Bd2 Rad8 23. f4 g6 24. Nfe3 Bg7 25. Rf2 exf4 26. gxf4 Bc6 27. e5 Nh5 28. Nd6 Re6 29. Nd5 Bxd5 30. Bxd5 Rxd6 31. exd6 Qxd6 32. Qc4 Bd4 33. Bxf7+ Kg7 34. Re1 Nxf4 35. Be3 Nh3+ 36. Kg2 Nxf2 37. Bxf2 Ne5 38. Bxd4 cxd4 0-1

[Event "YUG-chT"]
[Site "Tivat"]
[Date "1995.??.??"]
[Round "1"]
[White "Grujic, Zoran"]
[Black "Ujhazi, Ivan"]
[Result "1-0"]
[WhiteElo "2305"]
[BlackElo "2285"]
[PlyCount "99"]
[EventDate "1995.??.??"]
[EventType "team-swiss"]
[EventRounds "11"]
[EventCountry "YUG"]
[SourceTitle "CBM 048 Extra"]
[Source "ChessBase"]
[SourceDate "1995.11.01"]
[SourceVersion "1"]
[SourceVersionDate "1995.11.01"]
[SourceQuality "1"]

1. e4 c5 2. Nf3 Nc6 3. Bb5 g6 4. Bxc6 dxc6 5. h3 Bg7 6. d3 Nf6 7. Nc3 0-0 8. Be3 b6 9. Qd2 Re8 10. 0-0-0 e5 11. g4 Qd6 12. Nh2 Be6 13. f4 exf4 14. Bxf4 Qe7 15. Bh6 Bh8 16. Bg5 Qb7 17. Nf3 Nd7 18. Kb1 Qa6 19. b3 Qa3 20. Qe1 b5 21. Bc1 Qa5 22. Bb2 Qc7 23. Rf1 a5 24. Ng5 Nf8 25. Qh4 a4 26. e5 axb3 27. cxb3 Bxe5 28. Rde1 f6 29. Rxe5 Qxe5 30. Nce4 fxg5 31. Qh6 Qxb2+ 32. Kxb2 Re7 33. Qxg5 Rea7 34. Ra1 Bd5 35. Nxc5 b4 36. Qe5 Rf7 37. Re1 Rf2+ 38. Re2 Rxe2+ 39. Qxe2 Ra7 40. Qd2 Rf7 41. Qxb4 Rf2+ 42. Ka3 g5 43. Qe1 Rf3 44. Qe5 h6 45. Ne4 Nh7 46. Nd6 Nf8 47. Nf5 Ne6 48. Qf6 Rf4 49. Ne7+ Kh7 50. Qg6+ 1-0

[Event "Vojvodina-ch"]
[Site "Yugoslavia"]
[Date "1995.??.??"]
[Round "?"]
[White "Ujhazi, Ivan"]
[Black "Laketic, Gojko"]
[Result "0-1"]
[WhiteElo "2285"]
[BlackElo "2390"]
[PlyCount "80"]
[EventDate "1995.??.??"]
[EventType "swiss"]
[EventRounds "7"]
[EventCountry "YUG"]
[SourceTitle "EXT 2002"]
[Source "ChessBase"]
[SourceDate "2001.11.25"]
[SourceVersion "1"]
[SourceVersionDate "2001.11.25"]
[SourceQuality "1"]

1. e4 d5 2. exd5 Nf6 3. c4 c6 4. d4 cxd5 5. Nc3 e6 6. Nf3 Bb4 7. Bg5 0-0 8. c5 h6 9. Bxf6 Bxc3+ 10. bxc3 Qxf6 11. Ne5 Nd7 12. Nxd7 Bxd7 13. Bd3 b6 14. cxb6 axb6 15. Qb3 Rfc8 16. 0-0 Qf4 17. Rac1 Qd6 18. Bb1 Ba4 19. Qb2 Ra5 20. Rfe1 Rb5 21. Qd2 Qa3 22. Qd3 Kf8 23. f4 Rb2 24. f5 Bb5 25. Qf3 Be2 26. Qf4 exf5 27. Bxf5 Ra8 28. Bd7 Rd8 29. Be6 Qe7 30. Bg4 Qh4 31. h3 Bxg4 32. Rf1 Rxg2+ 33. Kxg2 Bxh3+ 34. Kg1 Qh5 35. Rf3 Re8 36. Qg3 Kg8 37. Rb1 Re6 38. Kf2 Bg4 39. Re3 Qf5+ 40. Kg2 Rxe3 0-1

[Event "YUG-chT"]
[Site "Tivat"]
[Date "1995.??.??"]
[Round "2"]
[White "Ujhazi, Ivan"]
[Black "Lekic, Dusan"]
[Result "1/2-1/2"]
[WhiteElo "2285"]
[BlackElo "2430"]
[PlyCount "55"]
[EventDate "1995.??.??"]
[EventType "team-swiss"]
[EventRounds "11"]
[EventCountry "YUG"]
[SourceTitle "CBM 048 Extra"]
[Source "ChessBase"]
[SourceDate "1995.11.01"]
[SourceVersion "1"]
[SourceVersionDate "1995.11.01"]
[SourceQuality "1"]

1. e4 c5 2. Nf3 Nc6 3. c3 Nf6 4. e5 Nd5 5. d4 cxd4 6. cxd4 d6 7. Nc3 e6 8. Bc4 Nxc3 9. bxc3 dxe5 10. 0-0 exd4 11. cxd4 Be7 12. Qe2 0-0 13. Rd1 Nb4 14. Rb1 Nd5 15. Rb3 b6 16. Ne5 Bb7 17. Rg3 Bf6 18. Ba3 Re8 19. Qh5 g6 20. Nxf7 Qc7 21. Rxg6+ hxg6 22. Qxg6+ Bg7 23. Nh6+ Kh8 24. Nf7+ Kg8 25. Nh6+ Kh8 26. Bxd5 Bxd5 27. Nf7+ Kg8 28. Nh6+ 1/2-1/2